Statistics for Asian Geography by Letter - Z

Click here to take the quiz!

General Stats

  • This quiz has been taken 38 times
    (31 since last reset)
  • The average score is 7 of 20

Answer Stats

HintAnswer% Correct
School of Buddhism that originated in ChinaZen
83%
15th century Chinese admiral who explored the Indian OceanZheng He
72%
Capital of Henan province, ChinaZhengzhou
72%
Monotheistic Iranian religion, founded over 3,000 years ago with around 200,000 adherents todayZoroastrianism
69%
City of over 4 million in Shandong province, ChinaZibo
52%
Mountain range that goes across western Iran, and also includes parts of Iraq and TurkeyZagros Mountains
48%
Chinese dynasty in power from 1046-256 BCZhou
45%
Peninsula on the island of Mindanao in the Philippines, and its largest city - with a population of 1 millionZamboanga
38%
Province of China on the eastern coastZhejiang
38%
Romanization of the Mandarin name for ChinaZhongguo
34%
Group of languages spoken by 16 million people in southern ChinaZhuang
34%
Queen of the Palmyrene Empire, who conquered much of the Roman East before being defeated by Rome after a few yearsZenobia
28%
Second largest city of JordanZarqa
24%
One of three main branches of Shia Islam, followed mainly in northern Yemen and southern Saudi ArabiaZaydism
17%
City of over 4 million in Guangdong province, ChinaZhongshan
17%
Very old city in western Yemen recognized as a World Heritage SiteZabid
10%
Dynasty which ruled Armenia from 1201-1350Zakarid
10%
Province of the Philippines on the island of LuzonZambales
10%
Language related to Kurdish spoken by 3-4 million people in eastern TurkeyZaza
10%
Island in the Red Sea that was claimed by Eritrea until 1996 when the Permanent Court of Arbitration ruled it belongs to YemenZuqar Island
10%

Score Distribution

Percentile by Number Answered

Percent of People with Each Score

Your Score History

You have not taken this quiz since the last reset